Una Conferencia del Director de la Clínica Mental de la Diputación
Colección:
San Jorge,
; núm. 5 (gener 1952), pàg. 53
Idioma:
Español
MARC
| LEADER | 00000naa a2200000 a 4500 | ||
|---|---|---|---|
| 003 | Arxiu | ||
| 005 | 20260324181028.0 | ||
| 008 | 160829s1952 spc xx s spa c 000 0 cat d | ||
| 040 | |a agdb | ||
| 245 | 0 | 4 | |a Una Conferencia del Director de la Clínica Mental de la Diputación |
| 490 | |a San Jorge, |v núm. 5 (gener 1952), pàg. 53 | ||
| 600 | 1 | 0 | |a Ancochea Hombravella, Nicanor |9 54851 |
| 610 | 2 | 0 | |a Clínica Mental (Santa Coloma de Gramenet, Catalunya) |9 54649 |
| 773 | |g Núm. 5 (gener 1952), pàg. 53 |t San Jorge. | ||
| 901 | |a Arxiu | ||
| 942 | |n 1 |2 udc |c ART | ||
| 952 | |0 0 |1 0 |4 0 |6 REV508 |7 1 |9 64666 |a Arxiu |b Arxiu |d 2022-12-05 |l 0 |o Rev-508 |r 2022-12-05 00:00:00 |w 2022-12-05 |y ARXIU |z També disponible a Rev-521 | ||
| 999 | |c 44889 |d 44889 | ||